000 00653nam a22002417a 4500
003 UA-OsUOA
001 324
007 ta
008 20050525b un ||||| |||| 00| 0 ukr d
100 _aБерроуз Эдгар Райс
090 _a821.161
_bБ51
942 _cBK
040 _aUA-OsUOA
_brus
_cUA-OsUOA
_dUA-OsUOA
245 _aТарзан в Пеллюсидаре
300 _a415 с.
955 _a3
041 _arus
080 _a821.161
020 _a5-85023-013-0
260 _aМ.
_bСП"внешиберика"
_c1992
650 7 _a82 Література. Літературознавство
_2UDC
999 _c286493
_d286493